| 000 | 00486nam a2200157Ia 4500 | ||
|---|---|---|---|
| 008 | 210210b2001 xxu||||| |||| 00| 0 eng d | ||
| 020 | _a81 7033 657 0 | ||
| 082 | _a820.954 WRIV | ||
| 100 | _aWRITERS OF THE INDIAN DIASPORA | ||
| 245 | _aVikram Seth multiple locations, multiple affiliations. (Mala Pandurang). | ||
| 260 |
_aJaipur. _bRawat Publications., _c2001 |
||
| 300 | _a191 | ||
| 650 | _aVikram Seth Mala Panduranga | ||
| 690 | _aIndian English Criticism | ||
| 906 | _a057670 | ||
| 999 |
_c104939 _d104939 |
||